| 000 | 01069nam a2200313 u 4500 | ||
|---|---|---|---|
| 001 | 000002057 | ||
| 003 | 000002057 | ||
| 005 | 20171010125721.0 | ||
| 008 | 090630s2000 dr 001 0bspa d | ||
| 020 | _a9993410365 | ||
| 040 |
_aBPMSU _bspa _cBPMSU |
||
| 082 |
_a928.61 _bL951C |
||
| 100 | 1 |
_aCassá, Roberto, _d1942- |
|
| 245 | 1 | 0 |
_aAmérico Lugo : _bel antiimperialista / _cRoberto Cassá; ilustraciones Ramiro Manzano, José Manuel Rodríguez. |
| 260 |
_aSanto Domingo : _bTobogán, _c2000 |
||
| 300 |
_a55 p. : _bil., retrs. _c21 cm. |
||
| 490 | 0 | _aBiografías Dominicanas Tobogan | |
| 504 | _aIncluye bibliografías (p. 55). | ||
| 600 | 1 | 0 |
_aLUGO, AMÉRICO _d1870-1952 |
| 650 |
_aHISTORIADORES _zREPÚBLICA DOMINICANA |
||
| 651 | 4 |
_aREPÚBLICA DOMINICANA _xBIOGRAFÍAS |
|
| 651 | 4 |
_aREPÚBLICA DOMINICANA _xHISTORIA |
|
| 700 | 1 |
_aManzano, Ramiro, _eil. |
|
| 700 | 1 |
_aRodríguez, José Manuel, _eil. |
|
| 830 | 0 | _aBiografías Dominicanas Tobogan | |
| 942 |
_2ddc _cBK |
||
| 945 | _aInventariado, 2017/MFF | ||
| 956 |
_aVMATEO _b10 _c20150728 _lBPMSU _h0069 |
||
| 999 |
_c7116 _d7116 |
||